Statistics for Departments of Haiti on a Map

Click here to take the quiz!

General Stats

  • This quiz has been taken 869 times
  • The average score is 8 of 10

Answers on the Map

Answers color-coded by a green-red scale on the quiz's map according to % correct below.
 

Answer Stats

Department% Correct
Nord
99%
Sud
96%
Ouest
89%
Nord-Est
88%
Sud-Est
87%
Nord-Ouest
86%
Centre
85%
Nippes
57%
Artibonite
56%
Grand'Anse
56%

Score Distribution

Percentile by Number Answered

Percent of People with Each Score

Your Score History

You have not taken this quiz